Brand positioning : Strategies for competitive advantage
Guardado en:
| Autor principal: | |
|---|---|
| Formato: | Libro |
| Lenguaje: | Undetermined |
| Publicado: |
New York
McGraw-Hill
2005
|
| Materias: | |
| Etiquetas: |
Agregar Etiqueta
Sin Etiquetas, Sea el primero en etiquetar este registro!
|
| Thư viện lưu trữ: | Trung tâm Học liệu Trường Đại học Cần Thơ |
|---|
| LEADER | 00562nam a2200205Ia 4500 | ||
|---|---|---|---|
| 001 | CTU_93810 | ||
| 008 | 210402s9999 xx 000 0 und d | ||
| 020 | |c 10.93 | ||
| 082 | |a 658.872 | ||
| 082 | |b S475 | ||
| 100 | |a Sengupta, Subroto | ||
| 245 | 0 | |a Brand positioning : | |
| 245 | 0 | |b Strategies for competitive advantage | |
| 245 | 0 | |c Subroto Sengupta | |
| 260 | |a New York | ||
| 260 | |b McGraw-Hill | ||
| 260 | |c 2005 | ||
| 650 | |a Product management,Brand name products | ||
| 904 | |i Tuyến | ||
| 980 | |a Trung tâm Học liệu Trường Đại học Cần Thơ | ||